000 00376nam a2200145Ia 4500
005 20251222152043.0
008 251222s9999||||xx |||||||||||||| ||spa||
020 _a8448220889
082 _a634.334/S66
100 _aSoles Aznar, Juan
245 0 _aReconocimiento de Variedades de cĂ­tricos en Campo
250 _a1ra.ed.
264 _bGeneralitat Valenciana
942 _cLIB
999 _c26117
_d26117